000 00512nam a2200169Ia 4500
008 090201s9999 xx 000 0 und d
010 _aKPL-46861
040 _bमराठी
041 _aमराठी
082 _a26614
_b46861
100 _aविश्वास पाटील
245 _aपानिपत
_cविश्वास पाटील
260 _c2004
_bराजहंस प्रकाशन
300 _a820
_bमोठा
600 _aपानिपत
942 _cBOOK
999 _c225660
_d225660